The social security program in the United States.

Saved in:
Bibliographic Details
Main Author: Schottland, Charles I.
Format: Book
Language:English
Published: New York, Appleton-Century-Crofts [1963]
Subjects:
LEADER 00913nam a22002411 4500
001 c000323488
003 CARM
005 00000000000000.0
008 711228s1963 nyua b 000 0 eng
019 1 |a 712499  |5 LACONCORD2021 
035 |a (OCoLC)233415  |5 LACONCORD2021 
043 |a n-us--- 
050 0 0 |a HD7125  |b .S35 
082 0 0 |a 368.4/3/00973  |2 20 
100 1 |a Schottland, Charles I. 
245 1 4 |a The social security program in the United States. 
260 |a New York,  |b Appleton-Century-Crofts  |c [1963] 
300 |a xiii, 209 p.  |b tables.  |c 22 cm. 
504 |a Bibliographical references included in "Footnotes" (p. 191-200) 
650 0 |a Social security  |z United States. 
852 8 |b CARM  |h A1:AM28G0  |i B09674  |p 0438382  |f BK 
999 f f |i d254ba13-6eda-531f-833f-7fd3a08a2920  |s f8daf3da-0a51-53e0-b3de-d730aaedac0e 
952 f f |p Can circulate  |a CAVAL  |b CAVAL  |c CAVAL  |d CARM 1 Store  |e B09674  |f A1:AM28G0  |h Other scheme  |i book  |m 0438382